Statistics for Rask matematikk - firkantede røtter

Click here to take the quiz!

General Stats

  • This quiz has been taken 18 times
  • The average score is 10 of 20

Answer Stats

problemsvar% Correct
11
100%
10010
100%
16913
100%
42
100%
164
100%
366
100%
255
50%
497
50%
819
50%
12111
0%
14412
0%
19614
0%
22515
0%
25616
0%
28917
0%
32418
0%
36119
0%
40020
0%
44121
0%
48422
0%
52923
0%
57624
0%
62525
0%
67626
0%
72927
0%
78428
0%
84129
0%
93
0%
90030
0%
96131
0%
102432
0%
108933
0%
115634
0%
122535
0%
129636
0%
136937
0%
144438
0%
152139
0%
160040
0%
168141
0%
176442
0%
184943
0%
193644
0%
202545
0%
211646
0%
220947
0%
230448
0%
240149
0%
250050
0%
260151
0%
270452
0%
280953
0%
291654
0%
302555
0%
313656
0%
324957
0%
336458
0%
348159
0%
360060
0%
648
0%

Score Distribution

Percentile by Number Answered

Percent of People with Each Score

Your Score History

You have not taken this quiz